Startupové Oscary
V San Franciscu na jeseň oceňujú mladé startupové firmy. Tento rok si hlavné ceny odniesli autori softvéru pre inteligentné skleníky, obchod s výrobkami z konope, mobilná aplikácia nechtového dizajnu aj donáška bio obedov. Všetky majú okrem skvelého nápadu jedno spoločné - investorov, ktorí ich svet...
Na minha lista:
| Autor principal: | |
|---|---|
| Formato: | Capítulo de Livro |
| Idioma: | eslovaco |
| Assuntos: | |
| Tags: |
Sem tags, seja o primeiro a adicionar uma tag!
|
MARC
| LEADER | 00000naa a2200000 4500 | ||
|---|---|---|---|
| 001 | 0208195 | ||
| 005 | 20231113083607.7 | ||
| 041 | 0 | |a slo | |
| 044 | |a SK | ||
| 245 | 1 | 0 | |a Startupové Oscary |c Júlia Mekyňová |
| 520 | |a V San Franciscu na jeseň oceňujú mladé startupové firmy. Tento rok si hlavné ceny odniesli autori softvéru pre inteligentné skleníky, obchod s výrobkami z konope, mobilná aplikácia nechtového dizajnu aj donáška bio obedov. Všetky majú okrem skvelého nápadu jedno spoločné - investorov, ktorí ich svetelnou rýchlosťou vykopli vpred. Slovenský startupista Tomáš Ondrejka informuje o konferencii TechCrunch Disrupt San Francisco 2015 a dáva tipy na to, ako získať investora. | ||
| 610 | 2 | 0 | |a start-up |
| 610 | 2 | 0 | |a podnikanie |
| 610 | 2 | 0 | |a podnikatelia |
| 610 | 2 | 0 | |a inovácia |
| 610 | 2 | 0 | |a investície |
| 610 | 2 | 0 | |a investori |
| 610 | 2 | 0 | |a technológie nové |
| 610 | 2 | 0 | |a konferencie |
| 100 | 1 | |a Mekyňová, Júlia | |